Jurisdicción constitucional y derechos fundamentales (Registro nro. 161052)
[ vista simple ]
| 000 -LEADER | |
|---|---|
| fixed length control field | 01226nam a2200301 a 4500 |
| 008 - FIXED-LENGTH DATA ELEMENTS--GENERAL INFORMATION | |
| fixed length control field | 110504s2011 sp 000 0 spa c |
| 017 ## - | |
| -- | D.L.M. 1305-2011 |
| 020 ## - INTERNATIONAL STANDARD BOOK NUMBER | |
| International Standard Book Number | 9788499820712 |
| 020 ## - INTERNATIONAL STANDARD BOOK NUMBER | |
| International Standard Book Number | 8499820719 |
| 035 ## - | |
| -- | 5862 |
| 040 ## - CATALOGING SOURCE | |
| Modifying agency | vLex |
| 090 ## - | |
| -- | 2632 |
| -- | 2632 |
| 100 1# - MAIN ENTRY--PERSONAL NAME | |
| Personal name | Starck, Christian |
| 245 10 - TITLE STATEMENT | |
| Title | Jurisdicción constitucional y derechos fundamentales |
| Medium | [Recurso electróncio] / |
| Statement of responsibility, etc | Christian Starck |
| 256 ## - | |
| -- | Servicio en línea. |
| 260 ## - PUBLICATION, DISTRIBUTION, ETC. (IMPRINT) | |
| Place of publication, distribution, etc | Madrid : |
| Name of publisher, distributor, etc | Dykinson, |
| Date of publication, distribution, etc | [2011] |
| 300 ## - PHYSICAL DESCRIPTION | |
| Extent | 1 recurso electrónico |
| 506 1# - RESTRICTIONS ON ACCESS NOTE | |
| Terms governing access | Contenido solo disponible en los productos indicados |
| Authorized users | vLex Global |
| -- | vLex Global (Academic Edition, excluding Law Schools) |
| -- | vLex Global (U.S. Academic Edition, Law Schools) |
| -- | vLex Global (U.S. Academic Edition, excluding Law Schools) |
| -- | vLex Global (Academic Edition, Law Schools) |
| 650 04 - SUBJECT ADDED ENTRY--TOPICAL TERM | |
| Topical term or geographic name as entry element | Constitucionalidad de las leyes |
| 650 04 - SUBJECT ADDED ENTRY--TOPICAL TERM | |
| Topical term or geographic name as entry element | Tribunales constitucionales |
| 650 04 - SUBJECT ADDED ENTRY--TOPICAL TERM | |
| Topical term or geographic name as entry element | Derechos fundamentales |
| 650 04 - SUBJECT ADDED ENTRY--TOPICAL TERM | |
| Topical term or geographic name as entry element | Dignidad |
| 740 0# - | |
| -- | vLex Libros (Servicio en línea) |
| 830 #0 - | |
| -- | Dykinson-constitucional |
| 856 40 - LOCALIZACIÓN Y ACCESO ELECTRÓNICO | |
| Identificador Uniforme del Recurso (URI/URL) | https://app.vlex.com/#/sources/jurisdiccion-constitucional-derechos-fundamentales-5862 |
| 942 ## - | |
| -- | RAA |
| 999 ## - | |
| -- | 161052 |
| -- | 161052 |
No hay ítems disponibles.